Buteurs du PSG sous l'ère Christophe Galtier - Statistiques

Statistiques générales
  • Ce quiz a été pris 62 fois
  • Le résultat moyen est 13 sur 15
Statistiques - réponses
BUT(S) NATIONALITÉ POSTE JOUEUR % Correct
5 Maroc DEF Achraf Hakimi
100%
3 Espagne MIL Fabián Ruiz
100%
41 France ATT Kylian Mbappé
100%
18 Brésil ATT Neymar Jr
100%
21 Argentine ATT Lionel Messi
96%
2 Brésil DEF Marquinhos
96%
2 Portugal DEF Nuno Mendes
96%
2 Portugal MIL Vitinha
93%
2 Portugal DEF Danilo Pereira
80%
4 Espagne DEF Sergio Ramos
80%
6 Espagne MIL Carlos Soler
78%
4 France ATT Hugo Ekitiké
78%
2 France MIL Warren Zaïre-Emery
71%
2 Espagne DEF Juan Bernat
69%
2 Portugal MIL Renato Sanches
47%
Aucun quiz correspondant
Distribution des résultats
% des personnes avec chaque résultat
Percentile par nombre de réponses
Votre historique - résultats
Vous n’avez pas pris ce quiz